000 00425nam a2200157Ia 4500
008 240729s9999 xx 000 0 und d
022 _a2770-579X
245 0 _aClinical and Investigative Orthodontics
260 _aUnited Kingdom
260 _bTaylor & Francis Group
650 _a Dentistry
650 _aMedicine
856 _uhttps://doaj.org/toc/499ae267f8774481aa9b11a7002da1cd
942 _2ddc
942 _cDOAJEJ
999 _c74775
_d74775
945 _a1
_bMadushi Gamage
_c1
_dMadushi Gamage